Indian police in action (Record no. 515608)
[ view plain ]
| 000 -LEADER | |
|---|---|
| fixed length control field | 00243nam a22000977a 4500 |
| 082 ## - DEWEY DECIMAL CLASSIFICATION NUMBER | |
| Classification number | TNC N3x54 T516 |
| 100 ## - MAIN ENTRY--PERSONAL NAME | |
| Personal name | Nath, Trilok |
| 9 (RLIN) | 21298 |
| 245 ## - TITLE STATEMENT | |
| Title | Indian police in action |
| Statement of responsibility, etc | by Trilok Nath |
| 260 ## - PUBLICATION, DISTRIBUTION, ETC. (IMPRINT) | |
| Place of publication, distribution, etc | New Delhi |
| Name of publisher, distributor, etc | Super |
| Date of publication, distribution, etc | 1984 |
| 300 ## - PHYSICAL DESCRIPTION | |
| Extent | 130p. |
| Withdrawn status | Lost status | Source of classification or shelving scheme | Damaged status | Koha normalized classification for sorting | Not for loan | Permanent location | Current location | Date acquired | Full call number | Barcode | Date last seen | Price effective from | Koha item type |
|---|---|---|---|---|---|---|---|---|---|---|---|---|---|
| TNC_N3X54_T516 | Indian Institute of Public Administration | Indian Institute of Public Administration | 2021-02-02 | TNC N3x54 T516 | GR22632 | 2021-02-02 | 2021-02-02 | GR |
